[Event "18th TCh-CRO"]
[Site "Sibenik CRO"]
[Date "2009.09.22"]
[Round "2"]
[White "Dreev,A"]
[Black "Hracek,Z"]
[Result "1/2-1/2"]
[WhiteElo "2662"]
[BlackElo "2606"]

1.d4 Nf6 2.Nf3 e6 3.c4 b6 4.Nc3 Bb4 5.Bg5 h6 6.Bh4 g5 7.Bg3 Ne4 8.Qc2 Bb7
9.Nd2 Bxc3 10.bxc3 Nxg3 11.hxg3 Qe7 12.a4 a5 13.e4 d6 14.Bd3 Nd7 15.Nf1 O-O-O
16.Ne3 h5 17.Qe2  1/2-1/2

[Event "18th TCh-CRO"]
[Site "Sibenik CRO"]
[Date "2009.09.25"]
[Round "5"]
[White "Dreev,A"]
[Black "Ribli,Z"]
[Result "1-0"]
[WhiteElo "2662"]
[BlackElo "2563"]

1.d4 d5 2.c4 e6 3.Nc3 c6 4.Nf3 Nf6 5.e3 Nbd7 6.Qc2 Bd6 7.b3 O-O 8.Bb2 e5
9.Be2 dxc4 10.bxc4 Qe7 11.O-O Re8 12.Rae1 b6 13.dxe5 Nxe5 14.Nd4 Qc7 15.Rd1 Bd7
16.Nf5 Bf8 17.Ne4 Nxe4 18.Qxe4 g6 19.Ng3 Bg7 20.Qc2 Rad8 21.f4 Ng4 22.Bxg7 Kxg7
23.e4 Nh6 24.e5 Bf5 25.Qc3 Kg8 26.Bf3 Rxd1 27.Rxd1 Rd8 28.Rd2 Qe7 29.h3 Rxd2
30.Qxd2 Qc5+ 31.Kh2 Qxc4 32.Qd8+ Kg7 33.Qf6+ Kg8 34.Qg5  1-0

[Event "18th TCh-CRO"]
[Site "Sibenik CRO"]
[Date "2009.09.27"]
[Round "7"]
[White "Dreev,A"]
[Black "Gyimesi,Z"]
[Result "1-0"]
[WhiteElo "2662"]
[BlackElo "2594"]

1.d4 Nf6 2.c4 e6 3.Nc3 Bb4 4.Qc2 d5 5.cxd5 exd5 6.Bg5 h6 7.Bh4 c5 8.Nf3 Nc6
9.dxc5 g5 10.Bg3 Ne4 11.e3 Qa5 12.Nd2 Nxc3 13.bxc3 Bxc3 14.Rb1 Qxc5 15.Rb5 Qa3
16.Rb3 Bxd2+ 17.Qxd2 Qa5 18.Qxa5 Nxa5 19.Rb5 b6 20.h4 g4 21.Rxd5 Be6 22.Bb5+ Ke7
23.Bd6+ Kf6 24.Rd4 Nb7 25.Rf4+ Kg6 26.h5+ Kh7 27.Bd3+ f5 28.Rxf5 Bxf5 29.Bxf5+ Kg8
30.Be5  1-0

[Event "18th TCh-CRO"]
[Site "Sibenik CRO"]
[Date "2009.09.28"]
[Round "8"]
[White "Khenkin,I"]
[Black "Dreev,A"]
[Result "1/2-1/2"]
[WhiteElo "2613"]
[BlackElo "2662"]

1.d4 d5 2.c4 c6 3.Nf3 Nf6 4.Qb3 dxc4 5.Qxc4 Bf5 6.g3 e6 7.Bg2 Be7 8.O-O O-O
9.Nc3 Nbd7 10.Re1 Ne4 11.Qb3 Qb6 12.Nh4 Qxb3 13.axb3 Bb4 14.Nxf5 exf5 15.Bxe4 fxe4
16.Bd2 Rfe8 17.Nxe4 Rxe4 18.Bxb4 Rxd4 19.Bc3 Rd6 20.Red1 Rxd1+ 21.Rxd1 Nc5
22.b4 Na4 23.Bd4 Rd8 24.Rd3 f6 25.Kg2 Kf7 26.Kf3  1/2-1/2

[Event "Chigorin Mem Open"]
[Site "St Petersburg RUS"]
[Date "2009.10.16"]
[Round "1"]
[White "Kostiukov,A"]
[Black "Dreev,A"]
[Result "0-1"]
[WhiteElo "2317"]
[BlackElo "2662"]

1.e4 c5 2.Nf3 Nc6 3.d4 cxd4 4.Nxd4 Nf6 5.Nc3 d6 6.Bg5 Bd7 7.Qd2 Rc8 8.O-O-O Nxd4
9.Qxd4 Qa5 10.Bd2 a6 11.Kb1 Qc5 12.Qxc5 Rxc5 13.f3 g6 14.Be3 Rc8 15.Bd4 Bg7
16.Nd5 e5 17.Nxf6+ Bxf6 18.Bc3 Ke7 19.Bb4 Rc6 20.c4 Bg5 21.Be2 Be3 22.Bd2 Bd4
23.Rc1 Be6 24.b3 h5 25.Bd3 Rcc8 26.Rhe1 Rcg8 27.Be3 Bc5 28.Kb2 g5 29.Bxc5 dxc5
30.Rf1 g4 31.f4 exf4 32.Rxf4 Rd8 33.Kc2 Rd4 34.Re1 Rhd8 35.Re3 b5 36.Kc3 b4+
37.Kc2 a5 38.Rf1 a4 39.Rd1 Kf6 40.e5+ Kg5 41.Rf1 Ra8 42.Kb2 h4 43.Rf2 Rf4
44.Rxf4 Kxf4 45.Re4+ Kg5 46.Re2 Rd8 47.Kc2 a3 48.Rf2 Rd4 49.g3 Rd8 50.gxh4+ Kxh4
51.Kd2 Kg5 52.Ke3 Rh8 53.Be4 Rh3+ 54.Ke2 Kh6 55.Kd2 Rh5 56.Ke3 Rxe5 57.Kf4 Rh5
58.Rd2 Kg7 59.Bd5 Bc8 60.Be4 Kf6 61.Rd5 Rxd5  0-1

[Event "Chigorin Mem Open"]
[Site "St Petersburg RUS"]
[Date "2009.10.18"]
[Round "3"]
[White "Zinchenko,Ya"]
[Black "Dreev,A"]
[Result "1/2-1/2"]
[WhiteElo "2539"]
[BlackElo "2662"]

1.e4 c6 2.d4 d5 3.Nc3 dxe4 4.Nxe4 Bf5 5.Ng3 Bg6 6.N1e2 Nd7 7.Nf4 e5 8.Nxg6 hxg6
9.dxe5 Qa5+ 10.Bd2 Qxe5+ 11.Qe2 Ngf6 12.Qxe5+ Nxe5 13.Bc3 Ned7 14.Bc4 Rh4
15.Bb3  1/2-1/2

[Event "Chigorin Mem Open"]
[Site "St Petersburg RUS"]
[Date "2009.10.21"]
[Round "6"]
[White "Dreev,A"]
[Black "Kryakvin,D"]
[Result "1/2-1/2"]
[WhiteElo "2662"]
[BlackElo "2571"]

1.d4 Nf6 2.c4 g6 3.Nc3 Bg7 4.e4 O-O 5.Bd3 d6 6.Nge2 Nbd7 7.O-O c5 8.d5 Ne5
9.Bg5 h6 10.Bh4 Nfg4 11.b3  1/2-1/2

[Event "Chigorin Mem Open"]
[Site "St Petersburg RUS"]
[Date "2009.10.23"]
[Round "8"]
[White "Dreev,A"]
[Black "Romanov,E"]
[Result "1-0"]
[WhiteElo "2662"]
[BlackElo "2588"]

1.d4 d5 2.c4 c6 3.Nf3 Nf6 4.e3 Bf5 5.Nc3 e6 6.Nh4 Be4 7.f3 Bg6 8.Qb3 Qb6
9.Nxg6 hxg6 10.Bd2 Nbd7 11.O-O-O Qxb3 12.axb3 Bd6 13.h3 Nh5 14.Bd3 Ng3 15.Rhe1 Nf5
16.cxd5 cxd5 17.Nb5 Bg3 18.Re2 a6 19.Na3 Bd6 20.Nc2 Ng3 21.Ree1 f5 22.e4 Kf7
23.exd5 exd5 24.Ne3 Nf6 25.Nxd5 Nxd5 26.Bc4 Rac8 27.Kb1 Rxc4 28.bxc4 Nf6
29.Ba5 Rc8 30.c5 Bb8 31.Rd3 Nd5 32.Rb3 b5 33.cxb6 f4 34.b7 Rc6 35.Bd2 Nf5
36.Rc1 Rxc1+ 37.Kxc1 g5 38.Ra3 Nc7 39.Ra5 Nxd4 40.Rxg5 Nce6 41.Rh5 Ke7 42.Rh8 Nd8
43.Bb4+ Kd7 44.Rg8 N4e6 45.Ba5 Nxb7 46.Bc3 Ba7 47.Bxg7 Ke7 48.Bc3 Nd6 49.h4 Nf5
50.h5 Kf7 51.Ra8 Be3+ 52.Kc2 Nc7 53.Rb8 Ne6 54.Kd3 Nc5+ 55.Ke2 Ne6 56.Rb7+ Kg8
57.b4 Ng5 58.b5 a5 59.b6  1-0

[Event "Casino GM"]
[Site "Barcelona ESP"]
[Date "2009.11.03"]
[Round "2"]
[White "Narciso Dublan,M"]
[Black "Dreev,A"]
[Result "1/2-1/2"]
[WhiteElo "2510"]
[BlackElo "2655"]

1.e4 c5 2.Nc3 Nc6 3.g3 g6 4.Bg2 Bg7 5.d3 d6 6.Be3 Rb8 7.Qd2 b5 8.Nge2 Nd4
9.O-O Nxe2+ 10.Qxe2 b4 11.Nd1 Nf6 12.a3 a5 13.axb4 axb4 14.e5 Ng4 15.exd6 Qxd6
16.Bg5 h6 17.Bf4 e5 18.Bd2 O-O 19.h3 Nf6 20.Ne3 b3 21.Nc4 Qe6 22.Ra5 bxc2
23.Rxc5 e4 24.Rc1 Ba6 25.Rxc2 Nd7 26.Rc7 exd3 27.Qxe6 fxe6 28.Rc1 Bxc4 29.Rxd7 Bb5
30.Rd6 Bxb2 31.Rb1 Bc4 32.Bxh6 Be5 33.Rxb8 Rxb8 34.Rd7 Bb5 35.Re7 Bc3 36.Rxe6 Kh7
37.Bf4 Rd8 38.Be4 d2 39.Bxd2 Rxd2 40.Rxg6 Kh8 41.Rg5 Bd7 42.Rd5 Rxd5 43.Bxd5 Bxh3  1/2-1/2

[Event "Casino GM"]
[Site "Barcelona ESP"]
[Date "2009.11.05"]
[Round "4"]
[White "Almeida Quintana,O"]
[Black "Dreev,A"]
[Result "0-1"]
[WhiteElo "2542"]
[BlackElo "2655"]

1.d4 d5 2.c4 c6 3.Nf3 Nf6 4.Nc3 e6 5.e3 Nbd7 6.Qc2 Bd6 7.g4 h6 8.Rg1 e5 9.cxd5 cxd5
10.Nb5 Bb8 11.Bd2 O-O 12.Bb4 Re8 13.g5 hxg5 14.Nxg5 Nf8 15.dxe5 Bxe5 16.O-O-O Bg4
17.f3 Rc8 18.Bc3 Bxc3 19.Nxc3 Bh5 20.Bh3 Rc4 21.Bf1 Rc8 22.Bh3 Rc6 23.e4 Qb6
24.Qg2 d4 25.Nxf7 g6 26.Nh6+ Kh7 27.Nf5 dxc3 28.b3 c2  0-1

[Event "Casino GM"]
[Site "Barcelona ESP"]
[Date "2009.11.08"]
[Round "7"]
[White "Dreev,A"]
[Black "Andersson,U"]
[Result "1-0"]
[WhiteElo "2655"]
[BlackElo "2582"]

1.d4 Nf6 2.c4 e6 3.Nc3 Bb4 4.Qc2 d5 5.cxd5 Qxd5 6.Nf3 c5 7.Bd2 Bxc3 8.Bxc3 O-O
9.dxc5 Qxc5 10.Rc1 Nbd7 11.e4 h6 12.Bd3 b6 13.O-O Bb7 14.Qe2 Rfc8 15.b4 Qe7
16.a3 Nf8 17.Ne5 Rc7 18.Bb2 Rac8 19.Rcd1 N8d7 20.f3 Nxe5 21.Bxe5 Rd7 22.Bb5 Rxd1
23.Rxd1 Bc6 24.Rc1 Qe8 25.Qc4 Bd7 26.Qxc8 Qxc8 27.Rxc8+ Bxc8 28.Kf2 Bb7 29.a4 a6
30.Bc4 Kf8 31.Ke3 Nd7 32.Bd6+ Ke8 33.Kd4 Bc6 34.a5 b5 35.Bb3 h5 36.g3 g6
37.h3 Bb7 38.Ba2 Ba8 39.Bb3 Bb7 40.h4 Nf6 41.Ke5 Ng8 42.g4 hxg4 43.fxg4 Kd7
44.Bf8 f6+ 45.Kd4 Ne7 46.Bg7 Nc6+ 47.Kc5 Ne5 48.g5 Nd3+ 49.Kd4 Nxb4 50.gxf6 Nc6+
51.Kc5 Ne5 52.Kb6 Bc8 53.Bh6 Nf7 54.Bf4 e5 55.Bd2 Ke8 56.Bd5 Nd8 57.Bb4 Ne6
58.Bd6 Kf7 59.Bxe5 b4 60.Kc6  1-0

[Event "Casino GM"]
[Site "Barcelona ESP"]
[Date "2009.11.09"]
[Round "8"]
[White "Dreev,A"]
[Black "Magem Badals,J"]
[Result "1/2-1/2"]
[WhiteElo "2655"]
[BlackElo "2564"]

1.d4 d5 2.c4 dxc4 3.e4 Nf6 4.e5 Nd5 5.Bxc4 Nb6 6.Bd3 Nc6 7.Be3 Nb4 8.Be4 f5
9.exf6 exf6 10.Nc3 f5 11.Bb1 Bd6 12.Nf3 Qf6 13.d5 O-O 14.O-O Bd7 15.a3 Na6
16.Qd4 Qxd4 17.Bxd4 Nc5 18.Ba2 Rae8 19.Bxc5 Bxc5 20.d6+ Kh8 21.dxc7 Rc8 22.Ne5 Be8
23.Rac1 Rxc7 24.Nd5 Nxd5 25.Bxd5 b6 26.Rfe1 Bd6 27.Rxc7 Bxc7 28.Nf3 Bd8 29.Rc1 Bh5
30.Rc8 Be7 31.Rxf8+ Bxf8 32.Nd4 f4 33.Kf1 g5 34.Ne6 Be7 35.f3 Bf6 36.b3 Be8
37.Nc7 Bd7 38.Be6 Be5 39.Bxd7 Bxc7 40.Ke2 Bd6 41.a4  1/2-1/2

[Event "9th Amplico Life Rapid"]
[Site "Warsaw POL"]
[Date "2009.12.19"]
[Round "2"]
[White "Andrenko,I"]
[Black "Dreev,A"]
[Result "0-1"]
[WhiteElo "2154"]
[BlackElo "2655"]

1.e4 c5 2.c3 d5 3.exd5 Qxd5 4.d4 cxd4 5.Nf3 g6 6.Na3 Bg7 7.Nxd4 Nf6 8.Nac2 O-O
9.Ne3 Qa5 10.Be2 e5 11.Nf3 Nc6 12.O-O Qc7 13.Nd5 Nxd5 14.Qxd5 Be6 15.Qe4 h6
16.Qh4 Qe7 17.Qxe7 Nxe7 18.b3 Rfc8 19.Bd2 Nf5 20.g4 Nd6 21.h3 Ne4 22.Rac1 f5
23.c4 fxg4 24.hxg4 Bxg4 25.Bb4 a5 26.Be7 Rc7 27.Bh4 Rf8 28.Kg2 Rcf7 29.Nd4 Bd7
30.Bf3 Nd2 31.Bd5 Nxf1 32.Rxf1 exd4 33.Bxf7+ Rxf7  0-1

[Event "9th Amplico Life Rapid"]
[Site "Warsaw POL"]
[Date "2009.12.19"]
[Round "3"]
[White "Dreev,A"]
[Black "Przybylski,W"]
[Result "1-0"]
[WhiteElo "2655"]
[BlackElo "2326"]

1.d4 d5 2.c4 c6 3.Nf3 Nf6 4.e3 e6 5.b3 Nbd7 6.Bd3 Bd6 7.Nc3 O-O 8.Bb2 Qe7
9.O-O b6 10.Qc2 Bb7 11.Rad1 h6 12.Rfe1 Rfd8 13.e4 dxe4 14.Nxe4 Nxe4 15.Bxe4 Nf6
16.Bd3 Bb4 17.Re3 Ba3 18.Ba1 Ng4 19.Re2 Bd6 20.Qc3 Bb4 21.Qc1 Qc7 22.Bb1 Be7
23.Qc2 Nf6 24.Ne5 Bd6 25.Rde1 Kf8 26.h3 Bb4 27.Rf1 c5 28.Nd3 Qd6 29.Nxb4 cxb4
30.f4 Rac8 31.f5 Re8 32.fxe6 Rxe6 33.Rxe6 fxe6 34.Qg6 Qe7 35.d5 Qf7 36.Bxf6 Qxg6
37.Bxg6 gxf6 38.Rxf6+  1-0

[Event "9th Amplico Life Rapid"]
[Site "Warsaw POL"]
[Date "2009.12.19"]
[Round "4"]
[White "Rajlich,I"]
[Black "Dreev,A"]
[Result "1/2-1/2"]
[WhiteElo "2457"]
[BlackElo "2655"]

1.d4 d5 2.c4 c6 3.Nc3 Nf6 4.e3 e6 5.Nf3 Nbd7 6.Bd3 dxc4 7.Bxc4 b5 8.Bd3 b4
9.Ne4 Nxe4 10.Bxe4 Bb7 11.b3 Bd6 12.Bb2 O-O 13.Nd2 Rc8 14.Nc4 Nf6 15.Bf3 Ba6
16.Rc1 Be7 17.e4 c5 18.d5 exd5 19.exd5 Ne8 20.O-O Bxc4 21.Rxc4 Nd6 22.Rc2 Bf6
23.Bxf6 Qxf6 24.Qd3 Rc7 25.Qa6 g6 26.Qa5 Re7 27.a3 c4 28.bxc4 b3 29.Qc3 Qxc3
30.Rxc3 Rc8 31.Rxb3 Rxc4 32.Rb8+ Rc8 33.Rxc8+ Nxc8 34.Rc1 Nd6 35.g3 Kg7 36.Rc6 Rd7
37.Bg4 f5 38.Be2 Kf6 39.f4 Ke7 40.Bd3 Rb7 41.Ra6 Nc8 42.Re6+ Kd7 43.Bc2 Rb2
44.Ba4+ Kc7 45.Rc6+ Kd8 46.Rf6 Rd2 47.Bc6 Ke7 48.Re6+ Kf7 49.Be8+ Kg7 50.Bd7 Nb6
51.Bc6 Nc4 52.Re7+ Kh6 53.Rxa7 Ne3 54.d6 Rxd6 55.Bf3 Nc4 56.a4 Nd2 57.Kf2 Rb6
58.a5 Rb2 59.Ke3 Nxf3 60.Kxf3 Rxh2 61.a6 Ra2 62.Ke3 Ra4 63.Kf3 Ra3+ 64.Kg2 Ra1
65.Kf3 Ra3+ 66.Kg2 Ra4 67.Kf3 Ra2 68.Ke3 Kh5 69.Rxh7+ Kg4 70.a7 Kxg3 71.Rg7 Ra3+
72.Ke2 Kxf4 73.Rxg6 Rxa7 74.Rb6 Kg3 75.Rg6+ Kf4 76.Rb6 Ra2+ 77.Kf1 Kg4 78.Rb3 Rd2
79.Ra3 Rh2 80.Rb3 Ra2 81.Rc3 Ra4 82.Rb3 Rf4+ 83.Kg2 Re4 84.Kf2 Rc4 85.Rg3+ Kf4
86.Rf3+ Ke5 87.Re3+ Kf6 88.Ra3 Rf4+ 89.Kg3 Kg5 90.Rb3 Rd4 91.Kf3 Rh4 92.Kg2 Kg4
93.Rb4+ f4 94.Rb8 f3+ 95.Kg1 Kg3 96.Rg8+ Rg4 97.Rxg4+ Kxg4 98.Kf2 Kf4 99.Kf1 Kg3
100.Kg1  1/2-1/2

[Event "9th Amplico Life Rapid"]
[Site "Warsaw POL"]
[Date "2009.12.19"]
[Round "6"]
[White "Olszewski,Mi"]
[Black "Dreev,A"]
[Result "0-1"]
[WhiteElo "2541"]
[BlackElo "2655"]

1.d4 d5 2.c4 c6 3.Nf3 Nf6 4.Nc3 e6 5.g3 Nbd7 6.Bg2 dxc4 7.e4 b5 8.e5 Nd5
9.Ng5 Be7 10.Qh5 g6 11.Qh6 Bf8 12.Qh3 N7b6 13.O-O Nxc3 14.bxc3 Nd5 15.Nxh7 Bd7
16.Bd2 a5 17.a3 Qe7 18.Nf6+ Qxf6 19.exf6 Rxh3 20.Bxh3 Nxf6 21.Bg2 Nd5 22.Rfe1 Bd6
23.h4 Kf8 24.Bf3 Kg7 25.Kg2 Rc8 26.Rh1 e5  0-1

[Event "9th Amplico Life Rapid"]
[Site "Warsaw POL"]
[Date "2009.12.19"]
[Round "7"]
[White "Dreev,A"]
[Black "Mista,A"]
[Result "1-0"]
[WhiteElo "2655"]
[BlackElo "2563"]

1.d4 d5 2.c4 dxc4 3.e4 Nc6 4.Nf3 Bg4 5.d5 Ne5 6.Bf4 Ng6 7.Bg3 Nf6 8.Nc3 e5
9.dxe6 Qxd1+ 10.Rxd1 Bxe6 11.Nd4 Bb4 12.f3 O-O-O 13.Nxe6 fxe6 14.Bxc4 e5
15.Bf2 a6 16.g3 b5 17.Bb3 c5 18.Ke2 c4 19.Bc2 Ne7 20.Be3 Rhe8 21.a3 Ba5 22.b4 Bc7
23.Rxd8+ Rxd8 24.Rd1 Rxd1 25.Bxd1 Nc6 26.Kd2 Bd6 27.f4 Kd7 28.f5 Nd4 29.g4 a5
30.g5 axb4 31.axb4 Bxb4 32.gxf6 gxf6 33.Bf2 Ba5 34.Bh4 b4 35.Nd5 b3+ 36.Kc1 c3
37.Bxf6 Kd6 38.Be7+ Kd7 39.f6 c2 40.Bxc2 bxc2 41.f7 Ne6 42.Kxc2  1-0

[Event "9th Amplico Life Rapid Playoff"]
[Site "Warsaw POL"]
[Date "2009.12.20"]
[Round "1"]
[White "Dreev,A"]
[Black "Wojtaszek,R"]
[Result "0-1"]
[WhiteElo "2655"]
[BlackElo "2637"]

1.d4 Nf6 2.c4 e6 3.Nf3 c5 4.d5 d6 5.Nc3 exd5 6.cxd5 g6 7.e4 Bg7 8.h3 O-O
9.Bd3 b5 10.Nxb5 Re8 11.O-O Nxe4 12.Re1 a6 13.Na3 Nf6 14.Rxe8+ Nxe8 15.Bg5 Bf6
16.Qd2 Nd7 17.Nc4 Bb7 18.Be4 Bxg5 19.Nxg5 Ndf6 20.Bf3 h6 21.Ne4 Nxe4 22.Bxe4 Kg7
23.Bf3 Nf6 24.Re1 a5 25.a4 Ba6 26.Nxa5 Qb6 27.Nc6 Qb3 28.a5 Bc4 29.Re3 Qa2
30.Qc3 Bxd5 31.Bxd5 Qxd5 32.Rf3 Qe6 33.g3 g5 34.Re3 Qxh3 35.Ne7 Ra7 36.Nd5 Qf5
37.Rd3 Rxa5 38.b3 Ra7 39.Ne3 Qe6 40.Kg2  0-1

[Event "9th Amplico Life Rapid Playoff"]
[Site "Warsaw POL"]
[Date "2009.12.20"]
[Round "2"]
[White "Fridman,D2"]
[Black "Dreev,A"]
[Result "1-0"]
[WhiteElo "2649"]
[BlackElo "2655"]

1.d4 d5 2.c4 c6 3.Nf3 Nf6 4.Nc3 e6 5.e3 Nbd7 6.Qc2 Bd6 7.b3 O-O 8.Bb2 b6
9.Bd3 Bb7 10.O-O Qe7 11.Rad1 Rac8 12.Qb1 Rfd8 13.Rfe1 Ba3 14.Ba1 Bb4 15.Re2 dxc4
16.bxc4 c5 17.d5 Bxc3 18.d6 Qf8 19.Bxc3 Bxf3 20.gxf3 Rc6 21.Red2 h6 22.Qb5 Rcc8
23.Qa4 Ra8 24.Kh1 Kh8 25.Bb1 e5 26.Qc2 Qe8 27.f4 exf4 28.exf4 Qe6 29.Rg1 Re8
30.Rxg7 Nf8 31.Rh7+ Kg8 32.Rxh6 Qg4 33.Qd1 Qxd1+ 34.Rxd1  1-0

[Event "9th Amplico Life Rapid"]
[Site "Warsaw POL"]
[Date "2009.12.20"]
[Round "10"]
[White "Gdanski,J"]
[Black "Dreev,A"]
[Result "0-1"]
[WhiteElo "2509"]
[BlackElo "2655"]

1.e4 c5 2.Nc3 Nc6 3.Nf3 d6 4.d4 cxd4 5.Nxd4 Nf6 6.Bc4 e6 7.Be3 Be7 8.Qe2 a6
9.O-O-O Nxd4 10.Bxd4 b5 11.Bb3 Bb7 12.e5 dxe5 13.Bxe5 Qb6 14.Bd4 Qc7 15.Be5 Qb6
16.Bd4 Qc7 17.Be5 Qc8 18.Bd6 Bxd6 19.Rxd6 Qc5 20.Rhd1 O-O 21.f4 Rac8 22.g3 Bc6
23.Kb1 b4 24.Na4 Qa5 25.Qe5 Nd5 26.c4 bxc3 27.Nxc3 Nxc3+ 28.bxc3 Qc7 29.R1d4 Bd5
30.Rxa6 Qxc3 31.Rd1 Qf3 32.Rd2 Qf1+  0-1

[Event "9th Amplico Life Rapid"]
[Site "Warsaw POL"]
[Date "2009.12.20"]
[Round "11"]
[White "Dreev,A"]
[Black "Shirov,A"]
[Result "1/2-1/2"]
[WhiteElo "2655"]
[BlackElo "2719"]

1.d4 Nf6 2.Nf3 g6 3.Bg5 Bg7 4.Nbd2 O-O 5.e4 d5 6.exd5 Nxd5 7.Nb3 a5 8.a4 b6
9.c3 Bb7 10.Bc4 Qd6 11.O-O Nd7 12.Nbd2 e5 13.Re1 c6 14.dxe5 Nxe5 15.Nxe5 Bxe5
16.Nf3 Rfe8 17.Bxd5 cxd5 18.Rxe5 Rxe5 19.Nxe5 Qxe5 20.Be3 Qe6 21.Qd4 Ba6
22.Re1 Re8 23.h3 Qc6 24.Rd1 Bc4 25.b3 Bxb3 26.Rb1 Re4 27.Qxb6 Qxb6 28.Bxb6 Bxa4
29.Bxa5 Re8 30.Rb7 Bc6 31.Rc7 Re6 32.Bb6 h5 33.h4 f6 34.Bd4 Be8 35.f3 Bf7
36.Kf2 g5 37.Kg3 gxh4+ 38.Kxh4 Kg7 39.Kg3 Kg6 40.Kf4 Re2 41.g3 Re8 42.Ra7 Re6
43.Ra5 Rc6 44.Ra1 Re6 45.Rg1 Rc6 46.Rg2 Be6 47.Ra2 Bf7 48.Ra1 Rd6 49.Rg1 Be6
50.g4 hxg4 51.fxg4 Bc8 52.g5 fxg5+ 53.Rxg5+ Kf7 54.Ke5 Rd8 55.Rh5 Kg6 56.Rh2 Ba6
57.Ke6 Bc8+ 58.Ke5 Ba6 59.Rg2+ Kf7 60.Rf2+ Ke8 61.Rf6 Bc4 62.Rh6 Kd7 63.Rd6+ Kc8
64.Rxd8+  1/2-1/2

[Event "9th Amplico Life Rapid"]
[Site "Warsaw POL"]
[Date "2009.12.20"]
[Round "12"]
[White "Gashimov,V"]
[Black "Dreev,A"]
[Result "1/2-1/2"]
[WhiteElo "2758"]
[BlackElo "2655"]

1.e4 c5 2.Nc3 Nc6 3.f4 g6 4.Nf3 Bg7 5.Bc4 e6 6.f5 Nge7 7.fxe6 dxe6 8.d3 Nd4
9.Nxd4 cxd4 10.Ne2 Nc6 11.O-O O-O 12.a4 e5 13.c3 Be6 14.Bxe6 fxe6 15.Rxf8+ Qxf8
16.cxd4 exd4 17.Qb3 Qf7 18.Nf4 e5 19.Qxf7+ Kxf7 20.Nd5 Rc8 21.Bg5 Ke6 22.Rc1 Ne7
23.Rxc8 Nxc8 24.Kf2 h6 25.Bd2 Ne7 26.Nxe7 Kxe7 27.Bb4+ Ke6 28.Ke2 Bf6 29.Kd1 Kd7
30.Kc2 Kc6 31.Kb3 a6 32.Bf8 h5 33.Kb4 Bd8 34.a5 Bg5 35.Kc4 Bf4 36.h3 Bd2
37.b4 Bf4 38.Be7 Bg3 39.Bg5 Be1 40.Bf6 Bg3 41.Bg5 Be1  1/2-1/2

[Event "9th Amplico Life Rapid"]
[Site "Warsaw POL"]
[Date "2009.12.20"]
[Round "13"]
[White "Dreev,A"]
[Black "Miton,K"]
[Result "1-0"]
[WhiteElo "2655"]
[BlackElo "2586"]

1.d4 d5 2.c4 c6 3.Nf3 Nf6 4.e3 Bg4 5.h3 Bxf3 6.Qxf3 e6 7.Nc3 Nbd7 8.Bd2 Bd6
9.cxd5 exd5 10.Bd3 O-O 11.g4 Qe7 12.g5 Ne8 13.O-O-O Nc7 14.h4 Rfe8 15.Qf5 Nf8
16.h5 Qe6 17.Qf3 c5 18.Bf5 Qe7 19.dxc5 Bxc5 20.Nxd5 Nxd5 21.Qxd5 Rad8 22.Qc4 Qe5
23.Bc2 Rc8 24.g6 Ne6 25.gxf7+ Kxf7 26.f4 Ba3 27.Qb3 Bxb2+ 28.Kb1  1-0

[Event "9th Aeroflot Open A"]
[Site "Moscow RUS"]
[Date "2010.02.11"]
[Round "3"]
[White "Morovic Fernandez,I"]
[Black "Dreev,A"]
[Result "0-1"]
[WhiteElo "2561"]
[BlackElo "2650"]

1.d4 d5 2.c4 c6 3.cxd5 cxd5 4.Nf3 Nf6 5.Nc3 Nc6 6.Bf4 e6 7.e3 Nh5 8.Bg5 Qb6
9.a3 h6 10.Bh4 g5 11.Bg3 Nxg3 12.hxg3 Bg7 13.Bd3 Qd8 14.Rc1 Bd7 15.Nd2 e5
16.dxe5 Nxe5 17.Be2 Be6 18.Nf3 Nc6 19.Bb5 O-O 20.Bxc6 bxc6 21.Nd4 c5 22.Nc6 Qd6
23.Nxd5 Kh8 24.Nde7 Qxd1+ 25.Kxd1 c4 26.Kc2 Rfb8 27.Nxb8 Rxb8 28.Kd2 Rxb2+
29.Ke1 Ra2 30.Nc6 Bf5 31.Nd4 Bd3 32.g4 Bf8 33.Nb5 Re2+ 34.Kd1 Rxf2 35.Nxa7 Bxa3
36.Rc3 Bb4 37.Nb5  0-1

[Event "9th Aeroflot Open A"]
[Site "Moscow RUS"]
[Date "2010.02.12"]
[Round "4"]
[White "Dreev,A"]
[Black "Shomoev,A"]
[Result "1-0"]
[WhiteElo "2650"]
[BlackElo "2559"]

1.d4 Nf6 2.c4 e6 3.Nc3 Bb4 4.Qc2 O-O 5.a3 Bxc3+ 6.Qxc3 d5 7.Nf3 dxc4 8.Qxc4 b6
9.Bg5 Ba6 10.Qa4 c5 11.Rd1 Qe8 12.Qxe8 Rxe8 13.dxc5 bxc5 14.Ne5 Nd5 15.e4 Nb6
16.Be3 f6 17.Nd3 N8d7 18.b3 Rac8 19.f3 Bb7 20.Nb2 f5 21.exf5 exf5 22.Kf2 Ne5
23.Bb5 Red8 24.Rxd8+ Rxd8 25.Rc1 Ng6 26.Rxc5 f4 27.Bc1 Bd5 28.b4 Nf8 29.Bxf4 Ne6
30.Bc7 Nxc7 31.Rxc7 Be6 32.Nd3 Bf5 33.Ne5  1-0

[Event "9th Aeroflot Open A"]
[Site "Moscow RUS"]
[Date "2010.02.13"]
[Round "5"]
[White "Khalifman,A"]
[Black "Dreev,A"]
[Result "1/2-1/2"]
[WhiteElo "2616"]
[BlackElo "2650"]

1.d4 d5 2.c4 c6 3.Nf3 Nf6 4.Nc3 e6 5.Bg5 h6 6.Bxf6 Qxf6 7.e3 g6 8.Rc1 Nd7
9.Be2 Bg7 10.cxd5 exd5  1/2-1/2

[Event "9th Aeroflot Open A"]
[Site "Moscow RUS"]
[Date "2010.02.14"]
[Round "6"]
[White "Dreev,A"]
[Black "Khairullin,I"]
[Result "1/2-1/2"]
[WhiteElo "2650"]
[BlackElo "2605"]

1.d4 Nf6 2.c4 g6 3.Nc3 Bg7 4.e4 d6 5.Bd3 O-O 6.Nge2 c5 7.d5 e6 8.h3 exd5
9.exd5 Nfd7 10.f4 f5 11.Be3 Na6 12.O-O Nc7 13.Qd2 Nf6 14.Bf2 Bd7 15.a3 a5
16.a4 Qe7 17.Rae1 Rae8 18.Nd4 Qd8 19.Nf3 Rxe1 20.Rxe1 Re8 21.b3 Rxe1+ 22.Qxe1 Qe8
23.Qxe8+ Nfxe8 24.Nd1 Nf6 25.Be1 b6 26.Ne3 Nh5 27.g3 Ne8 28.Kg2 Bf6 29.Bd2 h6
30.Ng1 Bd4 31.Ne2 Bxe3 32.Bxe3 Kf7 33.Bd2 Nhf6 34.Bc3 Bc8 35.Ng1 h5 36.Nf3 Ke7
37.Nh2 Kf7 38.Nf1 Bd7 39.Ne3 Ng7 40.Nc2 Nge8 41.Ne1 Ke7 42.Nf3 Bc8 43.Bc2 Kf7
44.Ng5+ Ke7  1/2-1/2

[Event "9th Aeroflot Open A"]
[Site "Moscow RUS"]
[Date "2010.02.15"]
[Round "7"]
[White "Belov,Vl"]
[Black "Dreev,A"]
[Result "1/2-1/2"]
[WhiteElo "2595"]
[BlackElo "2650"]

1.e4 c5 2.Nf3 Nc6 3.d4 cxd4 4.Nxd4 Nf6 5.Nc3 d6 6.Bg5 Bd7 7.Qd2 h6 8.Bxf6 gxf6
9.Nf5 Qa5 10.Ne3 Rc8 11.f4 f5 12.exf5 Bxf5 13.Nxf5 Qxf5 14.Bd3 Qc5 15.Ne4 Qb6
16.c3 d5 17.Nf2 Kd8 18.O-O Kc7 19.a4 Kb8 20.Bb5 e6 21.Bxc6 Qxc6 22.Nd3  1/2-1/2

[Event "Reykjavik Open"]
[Site "Reykjavik ISL"]
[Date "2010.02.24"]
[Round "1"]
[White "Olafsson,Thorv"]
[Black "Dreev,A"]
[Result "0-1"]
[WhiteElo "2217"]
[BlackElo "2650"]

1.e4 c5 2.Nf3 Nc6 3.d4 cxd4 4.Nxd4 Nf6 5.Nc3 d6 6.Bg5 Bd7 7.Qd2 h6 8.Bxf6 gxf6
9.f4 Nxd4 10.Qxd4 Qa5 11.O-O-O Rc8 12.Bc4 Qc5 13.Qxc5 Rxc5 14.Bb3 e6 15.e5 Bc6
16.exd6 Rg8 17.Rhg1 Kd7 18.Rd2 h5 19.g3 h4 20.Ne2 f5 21.Nd4 Be4 22.Ba4+ Kd8
23.Nb3 Rd5 24.c4 Rxd2 25.Nxd2 Bxd6 26.Rd1 Ke7 27.Nxe4 fxe4 28.c5 Bxc5 29.Rd7+ Kf6
30.Rxb7 h3 31.Bc6 Bg1 32.Bxe4 Bxh2 33.Rxa7 Bxg3 34.Ra3 Bxf4+ 35.Kd1 Ke5 36.Bc6 Kd6
37.Bb7 h2 38.Rh3 Rb8  0-1

[Event "Reykjavik Open"]
[Site "Reykjavik ISL"]
[Date "2010.02.26"]
[Round "3"]
[White "Nataf,IA"]
[Black "Dreev,A"]
[Result "1/2-1/2"]
[WhiteElo "2534"]
[BlackElo "2650"]

1.e4 c5 2.Nf3 Nc6 3.Bb5 d6 4.O-O Bd7 5.c3 a6 6.Ba4 Nf6 7.Re1 b5 8.Bc2 Bg4
9.a4 Rb8 10.axb5 axb5 11.d4 cxd4 12.cxd4 e5 13.dxe5 dxe5 14.Qxd8+ Rxd8 15.Nc3 Bb4
16.Be3 Bxf3 17.gxf3 Nd4 18.Red1 Bxc3 19.bxc3 Nxf3+ 20.Kg2 Nh4+ 21.Kg3 Rxd1
22.Rxd1 Ng6 23.Bc5 Nf4 24.Kf3 h5 25.Bd6 Ng4 26.Bxe5 Nxe5+ 27.Kxf4 f6 28.Rd5 Kf7
29.Rxb5 Rc8 30.Rb7+ Kg6 31.Rb3 Rd8 32.Kg3 Rd2 33.f4 Rxc2 34.fxe5 fxe5 35.Rb6+ Kf7
36.Rb7+ Kf6 37.Rb6+ Kf7 38.Rb7+ Kf6  1/2-1/2

[Event "Reykjavik Open"]
[Site "Reykjavik ISL"]
[Date "2010.02.27"]
[Round "4"]
[White "Dreev,A"]
[Black "Romanishin,O"]
[Result "1/2-1/2"]
[WhiteElo "2650"]
[BlackElo "2512"]

1.d4 Nf6 2.c4 e6 3.Nc3 Bb4 4.Qc2 c5 5.dxc5 Bxc5 6.Nf3 Nc6 7.Bg5 Qa5 8.Rd1 Ng4
9.e3 Bb4 10.Qb3 Nge5 11.Nxe5 Nxe5 12.Bf4 Bxc3+ 13.bxc3 b6 14.Be2 Bb7 15.O-O Bc6  1/2-1/2

[Event "Reykjavik Open"]
[Site "Reykjavik ISL"]
[Date "2010.03.01"]
[Round "7"]
[White "Bromann,T"]
[Black "Dreev,A"]
[Result "0-1"]
[WhiteElo "2434"]
[BlackElo "2650"]

1.e4 c5 2.Nf3 Nc6 3.d4 cxd4 4.Nxd4 Nf6 5.Nc3 d6 6.Bg5 Bd7 7.Qd2 h6 8.Bxf6 gxf6
9.Nf5 Qa5 10.Bd3 e6 11.Ne3 a6 12.O-O h5 13.Kh1 Ne5 14.Be2 Qc5 15.f4 Ng6 16.Rad1 b5
17.e5 f5 18.exd6 Bg7 19.Nb1 h4 20.b4 Qa7 21.c4 bxc4 22.h3 a5 23.Nxc4 axb4
24.Qxb4 O-O 25.a3 Rfc8 26.Qe1 Ba4 27.Rd2 Rab8 28.d7 Bxd7 29.Nd6 Rd8 30.Bh5 Qa6
31.Rf3 Bc6 32.Nxf7 Kxf7 33.Bxg6+ Kxg6 34.Re2 Bf6 35.Rxe6 Bxf3 36.Rxa6 Rd1
37.Qxd1 Bxd1 38.Nd2 Rc8 39.Kg1 Kg7 40.Ra7+ Kg6 41.Ra6 Kf7 42.Ra7+ Ke8 43.Ra5 Bd4+
44.Kh2 Rc2 45.Nb3 Bf2 46.Re5+ Kf7 47.Rxf5+ Kg6 48.Rd5 Bh5 49.Rd6+ Kg7 50.Rd7+ Bf7
51.Rd3 Bg3+  0-1

[Event "TCh-ISL 2009-10"]
[Site "Rekjavik ISL"]
[Date "2010.03.06"]
[Round "7"]
[White "Dreev,A"]
[Black "Steingrimsson,H"]
[Result "1/2-1/2"]
[WhiteElo "2660"]
[BlackElo "2540"]

1.d4 Nf6 2.c4 e6 3.Nc3 Bb4 4.Qc2 O-O 5.a3 Bxc3+ 6.Qxc3 d5 7.Nf3 dxc4 8.Qxc4 b6
9.Bg5 Ba6 10.Qa4 c5 11.Rd1 cxd4 12.Nxd4 Qd7 13.Qxd7 Nbxd7 14.f3 h6 15.Bxf6 Nxf6
16.e4 Bxf1 17.Rxf1 Rfc8 18.Rf2 Kf8 19.Rfd2 a6 20.Ne2 Ke7 21.Nc3 Ra7 22.Ke2 Rd7
23.f4 Rxd2+ 24.Rxd2 g5 25.g3 Nd7 26.Kf3 Rc4 27.e5 gxf4 28.gxf4 f6 29.exf6+ Nxf6
30.Re2 Kf7 31.Rd2 Ke7 32.Re2 Kf7 33.Rd2  1/2-1/2